| 000 | 00426nas a2200157 c 4500 | ||
|---|---|---|---|
| 005 | 20231110095322.0 | ||
| 008 | 231110c1976 Dk uu|p|r|||| 00| 0 eng d | ||
| 040 | _aCHAP | ||
| 090 | _aRevista | ||
| 245 |
_aDanish dairy industry : _bworldwide |
||
| 260 |
_aDinamarca : _bDairy Engineers, _c1976- |
||
| 300 | _av. | ||
| 650 | 0 |
_9143326 _aIndustria láctea _zDinamarca |
|
| 650 | 0 |
_9141141 _aLeche _x Producción |
|
| 942 | _2ddc | ||
| 999 |
_c219378 _d219378 |
||